000 00278cam a2200109ua 4500
082 _a823.301
_bJON/MO
100 _aJones, Phyllis M .
_91819
245 _aModern English Short Stories /
260 _aLondon :
_bOxford University Press ,
_c1963.
300 _a ; .
942 _cBK
999 _c12655
_d12655